Modern Communication Systems / (Record no. 193577)
[ view plain ]
| 000 -LEADER | |
|---|---|
| fixed length control field | 00828 a2200181 4500 |
| 003 - CONTROL NUMBER IDENTIFIER | |
| control field | Nust |
| 005 - DATE AND TIME OF LATEST TRANSACTION | |
| control field | 20221207091444.0 |
| 040 ## - CATALOGING SOURCE | |
| Transcribing agency | Nust |
| 082 ## - DEWEY DECIMAL CLASSIFICATION NUMBER | |
| Classification number | 621.382,COA |
| 100 ## - MAIN ENTRY--PERSONAL NAME | |
| Personal name | R.F.W.Coates |
| 9 (RLIN) | 104303 |
| 245 ## - TITLE STATEMENT | |
| Title | Modern Communication Systems / |
| Statement of responsibility, etc. | R.F.W.Coates |
| 250 ## - EDITION STATEMENT | |
| Edition statement | 2nd ed |
| 260 ## - PUBLICATION, DISTRIBUTION, ETC. | |
| Place of publication, distribution, etc. | London, |
| Name of publisher, distributor, etc. | The Macmillan |
| Date of publication, distribution, etc. | 1975 |
| 300 ## - PHYSICAL DESCRIPTION | |
| Extent | 398p |
| 505 ## - FORMATTED CONTENTS NOTE | |
| Formatted contents note | The Analysis and Synthesis of Waveforms (Page-1), The Information Source and Communication Channel (Page-60), Envelope Modulation (Page-90), Angle Modulation (Page-123), Composite Modulation (Page-166), Sampling and Pulse Code Modulation (Page-182), Coding for Error Protection and Security (Page-245), The Transmission of Digital Signals (Page-296), The Integrated Services Digital Network (Page-347). |
| 650 ## - SUBJECT ADDED ENTRY--TOPICAL TERM | |
| Topical term or geographic name entry element | Telecommunication Engineering |
| 942 ## - ADDED ENTRY ELEMENTS (KOHA) | |
| Source of classification or shelving scheme | |
| Koha item type | Book |
| Withdrawn status | Lost status | Source of classification or shelving scheme | Damaged status | Not for loan | Permanent Location | Current Location | Shelving location | Date acquired | Full call number | Barcode | Date last seen | Price effective from | Koha item type | Public note |
|---|---|---|---|---|---|---|---|---|---|---|---|---|---|---|
| Military College of Signals (MCS) | Military College of Signals (MCS) | General Stacks | 12/12/2016 | 621.382,COA | MCS22549 | 12/08/2016 | 12/12/2016 | Book | Almirah No.35, Shelf No.1 | |||||
| Military College of Signals (MCS) | Military College of Signals (MCS) | General Stacks | 12/12/2016 | 621.382,COA | MCS5697 | 12/08/2016 | 12/12/2016 | Book | Almirah No.35, Shelf No.1 |
